000 00474cam a2200181ua 4500
020 _c1.25
041 _aeng
_h
082 _a539.7
_bSET/FI
100 _aSeton, Marie .
245 _aFilm as an art and film appreciation /
_cMarie Seton.
_hTextual Documents
250 _a1 /
_b.
260 _aNewdelhi :
_bNational council of educational research&training ,
_c1964.
300 _a111 ; .
365 _a1.25
504 _a
942 _cBK
999 _c8584
_d8584